De las sociedades comerciales

Detalles Bibliográficos
Autor principal: Peą Nossa, Lisandro
Formato: eBook
Lenguaje:español
Publicado: Bogot:̀ ECOE, 2014
Edición:Sp̌tima edicin̤
Materias:
Acceso en línea:Acceso restringido

MARC

LEADER 00000nam a22000007a 4500
005 20220216225619.0
007 cr|||| ||||
008 220216s2014 co |||||s|||| 00||0 spa d
020 |a 9789587714173 
035 |a 35848 
040 |a vLex 
090 |c 13017  |d 13017 
100 1 |a Peą Nossa, Lisandro 
245 1 5 |a De las sociedades comerciales  |h [Recurso electrn̤ico] /  |c Lisandro Peą Nossa 
250 |a Sp̌tima edicin̤ 
256 |a Servicio en ln̕ea 
260 |a Bogot:̀  |b ECOE,  |c 2014 
300 |a 1 recurso electrn̤ico 
506 1 |a Disponible solo en los productos indicados  |d vLex Global  |d vLex Global (Academic Edition, excluding Law Schools)  |d vLex Global (U.S. Academic Edition, Law Schools)  |d vLex Global (U.S. Academic Edition, excluding Law Schools)  |d vLex Global (Academic Edition, Law Schools) 
650 0 4 |a Derecho Mercantil y de la Empresa  |z Colombia 
650 0 4 |a Sociedades  |z Colombia 
740 0 |a vLex Libros (Servicio en ln̕ea) 
856 4 0 |u https://app.vlex.com/#/sources/35848  |z Acceso restringido 
942 |c BOOK 
999 0 |a Commercial and Company Law 
999 0 |a Companies